| 000 | 01008nam0a22002771 4500 | ||
|---|---|---|---|
| 001 | RU\NLR\INFOCOMM_21\5000101226 | ||
| 005 | 20260406105924.0 | ||
| 035 | _a(NLR Aleph) 009257823 | ||
| 090 |
_a9024478 _c9024478 |
||
| 100 | _a20100906d1976 |||y0rusy50 ca | ||
| 101 | 0 | _afre | |
| 102 | _aRU | ||
| 105 | _ay ||||000|y | ||
| 200 | 1 |
_aLes dernières œuvres de Dmitri Chostakovitch _f[Agence de l'URSS pour les droits d'aut.] |
|
| 210 |
_a[Μ.] _dCop.1976 |
||
| 215 |
_a28 с. _d20 см |
||
| 600 | 1 |
_aШостакович _bД. Д. _f1906-1975 _gДмитрий Дмитриевич _2nlr_sh1 |
|
| 686 |
_aЩ313(2Р-Р)7-81 Шостакович _2rubbk |
||
| 702 | 1 |
_9z02790 _aŠostakovič _bD. D. _f1906-1975 _gDmitrij Dmitrievič _4570 |
|
| 712 | 0 | 2 |
_4570 _8fre _aAgence de l'URSS pour les droits d'auteur _7ba _3RU\NLR\AUTH\884873 _9281353 |
| 790 | 1 |
_9z02702 _aChostakovitch _bD. _gDmitri _4245 |
|
| 801 | 1 |
_aRU _bNLR _c20100906 |
|
| 801 | 0 |
_aRU _bNLR _gPSBO |
|
| 852 |
_aNLR _jИс81 Д-4/40 |
||
| 942 | _cBOOK | ||
| 980 | _aNB | ||